000 00647nam a2200241Ia 4500
003 OSt
005 20220927105655.0
006 a|||||r|||| 00| 0
007 ta
008 220926b |||||||| |||| 00| 0 eng d
024 _a200633
037 _cReference Collections
040 _aRTL
_cRTL
_beng
041 _2eng
_aeng
082 _a"X:8b4, J8;1"
100 _aSofer Cyril
_9374177
245 0 _aNew ways in management training
260 _aLondon
_bBeaumont
_c1958
300 _aXii127p
_ccm.
490 _aReadings in History
942 _h"X:8b4, J8;1"
_cCC
999 _c693872
_d693872